000 02180cam a22005057a 4500
003 CHAP
005 20220329140021.0
008 971013s1983 r 00010 d
010 _a45614
011 _a46586
035 _a50727
040 _cCHAP
082 _a630.72
_bU33
110 _aUACH. Departamento de Trabajos de Campo Universitarios
_9115896
245 0 _aCampamentos de trabajos de Campo en 1982
260 _aChapingo, Méx. :
_bDepartamento de Trabajos de Campo Universitarios,
_c1983
300 _a6 v.
500 _aLa biblioteca tiene: v.1 Comarca Lagunera.- v.2 Chiapas.- v.3 Veracruz.- v.4 Hidalgo.- v.5 Oaxaca.- v.6 Tlaxcala
590 _aBATCH-UPD
_b10
_c20130110
_lUCH01
_h0024
590 _aBATCH-UPD
_b10
_c20130110
_lUCH01
_h1036
590 _aBATCH-UPD
_b10
_c20130409
_lUCH01
_h2005
590 _aBATCH-UPD
_b10
_c20130410
_lUCH01
_h0637
590 _aBATCH-UPD
_b10
_c20130913
_lUCH01
_h2107
590 _aCONVERSION
_b10
_c20130109
_lUCH01
_h1325
650 1 4 _aAgricultura
_xComarca Lagunera.
_91371
650 1 4 _aAgricultura
_xInvestigacion
_xChiapas.
_91597
650 1 4 _aAgricultura
_xInvestigacion
_xComarca Lagunera.
_91604
650 1 4 _aAgricultura
_xInvestigacion
_xHidalgo.
_91628
650 1 4 _aAgricultura
_xInvestigacion
_xOaxaca.
_91653
650 1 4 _aAgricultura
_xInvestigación
_xTlaxcala.
_91684
650 1 4 _aAgricultura
_xInvestigación
_xVeracruz.
_91691
650 1 4 _aAgricultura
_xOaxaca.
_91756
650 1 4 _aAgricultura
_zHidalgo.
_91928
650 1 4 _aAgricultura
_zTlaxcala.
_91939
650 1 4 _aAgricultura
_zVeracruz.
_91941
901 _aBK
942 _cLIBRO
949 _a630.72 U33
_bBC
_cLIBRO
_d-117492
_eLIBRO
_fv.6
_i50727
_si
949 _a630.72 U33
_bBC
_cLIBRO
_d33724000044087
_eLIBRO
_fv.2 c.2
_h61919
_i50727
_si
949 _a630.72 U33
_bBC
_cLIBRO
_d33724000044392
_eLIBRO
_fv.4 c.2
_h61921
_i50727
_si
949 _a630.72 U33
_bBC
_cLIBRO
_d33724000044400
_eLIBRO
_fv.3 c.2
_h61920
_i50727
_si
949 _a630.72 U33
_bBC
_cLIBRO
_d33724000044475
_eLIBRO
_fv.5 c.2
_h61922
_i50727
_si
949 _a630.72 U33
_bBC
_cLIBRO
_d33724000560686
_eLIBRO
_fv.1 c.2
_h61918
_i50727
_si
949 _a630.72 U33
_bBC
_cUACH
_d-151186
_eUACH
_fv.1
_h59529
_i50727
_si
999 _c45614
_d45614